Statistics for Everything thing HORSE!!

Click here to take the quiz!

General Stats

  • This quiz has been taken 13 times
  • The average score is 12 of 18

Answer Stats

HintAnswer% Correct
What piece of tack do you sit on while riding?saddle
100%
Is a barn and a stable different?yes
100%
What goes in the horse's mouth while riding?bit
89%
What do horses eat?hay
89%
What is a adult female horse called?Mare
89%
What is a baby horse called?foal
78%
What is the part of a horse's foot that has the same name as an amphibian called?frog
78%
What is a adult male horse called?Stallion
78%
How many sense do horses have?6
67%
What is the piece of tack that goes on the horses head?bridle
67%
What breed of horse is used in racing?thoroughbred
67%
A reddish brown coat is called?chestnut
56%
What is the sport where you are not in a ring and are jumping called?cross country
56%
What holds the saddle on the horse's back?girth
56%
What do horses eat?grain
56%
What is the sport of riding a horse?Horseback riding
44%
Are horses intuitive?yeah
11%
Are horses smart?yep
11%

Score Distribution

Percentile by Number Answered

Percent of People with Each Score

Your Score History

You have not taken this quiz